Fast & furious 7 (Record no. 168057)

MARC details
000 -LEADER
fixed length control field 00887ngm a2200217 i 4500
001 - CONTROL NUMBER
control field C2-0343723
003 - CONTROL NUMBER IDENTIFIER
control field PPAK
005 - DATE AND TIME OF LATEST TRANSACTION
control field 20180727222803.0
008 - FIXED-LENGTH DATA ELEMENTS--GENERAL INFORMATION
fixed length control field 171119s2015 cau|||| ||||| | vleng d
040 ## - CATALOGING SOURCE
Original cataloging agency PPAK
Language of cataloging eng
Transcribing agency PPAK
Description conventions rda
245 10 - TITLE STATEMENT
Title Fast & furious 7
264 #1 - PRODUCTION, PUBLICATION, DISTRIBUTION, MANUFACTURE, AND COPYRIGHT NOTICE
Place of production, publication, distribution, manufacture California ; Ampang Selangor :
Name of producer, publisher, distributor, manufacturer Universal Pictures; HVN Entertainment Sdn. Bhd. (Malaysia Distributor) ,
Date of production, publication, distribution, manufacture, or copyright notice 2015
500 ## - GENERAL NOTE
General note Summary : Targeted by a cold-blooded black-ops assassin with a score to settle, their only hope is to get behind the wheel again and secure an ingenious prototype tracking device. Facing their greatest threat yet in places as far away as Ab
700 ## - ADDED ENTRY--PERSONAL NAME
Relator term author
Personal name Wan, James,
Relator term compile
Personal name Boyd, Leigh Folsom,
Relator term editor
Personal name Wagner, Christian
Relator term editor
Personal name Highsmith, Dylan
Relator term editor
Personal name Morri, Kirk
Relator term editor
942 ## - ADDED ENTRY ELEMENTS (KOHA)
Source of classification or shelving scheme Dewey Decimal Classification
Koha item type Digital Video Disc
Holdings
Withdrawn status Lost status Source of classification or shelving scheme Damaged status Not for loan Current library Shelving location Date acquired Source of acquisition Total Checkouts Full call number Barcode Date last seen Date last checked out Cost, replacement price Koha item type
    Dewey Decimal Classification     Perpustakaan Alor Setar Pinjaman Dewasa 29/11/2017 GI 2 791.4372 MOR A01547642 05/03/2019 24/02/2019 34.90 Digital Video Disc